Turzovka

Zobrazenie: Pohľad na mesto, sprava rieka Kysuca, vľavo vidno kostol a v pozadí za mestom hory

Bibliographic Details
Format: Postcard
Language:Slovak
PhysicalDescription:1 pohľadnica kolorovaná 9 x 14 cm
Published: [Slovensko?] [vydavateľ neznámy] [1929?]
Subjects:

MARC

LEADER 00000ckm a2200000 a 4500
001 vtls011633485
003 SK-MaSNL
005 20260512124644.0
007 kp ho
008 230706q1929 xo g 00 kuslo
015 |a SNBG1929 
035 |a urn:nbn:sk:snk-km00doye 
035 |a urn:nbn:sk:snk-km3lyc6 
035 |a CE083EF5-E72F-41A9-9191-B039F5E142A5 
040 |a SNK  |b slo  |c SNK  |e AACR2 
041 0 |a slo 
043 |a e-xo--- 
044 |a xo  |c SK 
072 7 |a 913  |x Regionálna geografia  |2 konspekt 
080 |a 913(437.6)  |2 2011 
080 |a (084.121)  |2 2011 
080 |a 726:27-523.42  |2 2011 
245 0 0 |a Turzovka  |h grafika 
260 |a [Slovensko?]  |b [vydavateľ neznámy]  |c [1929?] 
300 |a 1 pohľadnica  |b kolorovaná  |c 9 x 14 cm 
500 |a Názvové údaje prevzaté z obrazovej časti pohľadnice 
520 8 |a Zobrazenie: Pohľad na mesto, sprava rieka Kysuca, vľavo vidno kostol a v pozadí za mestom hory 
650 0 7 |a kostoly  |2 SNKPH  |9 3023 
651 7 |a Turzovka (Slovensko)  |2 SNKPHgeo  |9 70170 
655 7 |a miestne pohľadnice  |2 SNKPH  |9 70510 
852 |a Slovenská národná knižnica 
958 |a GBN 
958 |a GC 
958 |a ONDV 
999 |c 936932  |d 938862 
952 |a SNK  |b SNK  |y PREZ  |7 0  |p 17A1225679  |o snkSP 25212  |z Pohľadnica prešla poštou.  |0 0  |1 0  |4 0  |d 2017-05-30  |f 1  |l 0  |r 2026-02-24 09:06:54  |w 2026-02-24